| 000 | 00572nam a2200181Ia 4500 | ||
|---|---|---|---|
| 005 | 20250326123428.0 | ||
| 008 | 250326s9999 xx 000 0 und d | ||
| 037 | _aTextbook | ||
| 040 |
_aFMSL _beng _cFMSL |
||
| 041 |
_aeng _2eng |
||
| 084 |
_aX8(A).1 M5 _qFMSL |
||
| 100 |
_aBallance R H _9735118 |
||
| 245 | 0 |
_aCollapse and survival : industry stategies in a changing world _cBallance R H; Sinclair S W |
|
| 260 |
_aUnited Kingdom _bUnited Kingdom, George Allen & Unwin _c1985 |
||
| 300 | _a219p | ||
| 942 |
_cTB _hX8(A).1 M5 |
||
| 999 |
_c1269330 _d1269330 |
||